Jak uspět a stát se hvězdou prezentací
Čo urobiť, aby prezentácia zaujala. Doporučenia formulované do pätnástich bodov, založené na princípoch ľudského vnímania a postupoch preverených v praxi. Príklady nudných slajdov a ich vhodnejších variant.
Uložené v:
| Hlavný autor: | |
|---|---|
| Médium: | Kapitola |
| Jazyk: | Czech |
| Predmet: | |
| Tagy: |
Žiadne tagy, Buďte prvý, kto otaguje tento záznam!
|
MARC
| LEADER | 00000naa a2200000 4500 | ||
|---|---|---|---|
| 001 | 0250611 | ||
| 005 | 20190201105135.1 | ||
| 041 | 0 | |a cze | |
| 044 | |a CZ | ||
| 245 | 1 | 0 | |a Jak uspět a stát se hvězdou prezentací |c Marek Hrkal |
| 520 | |a Čo urobiť, aby prezentácia zaujala. Doporučenia formulované do pätnástich bodov, založené na princípoch ľudského vnímania a postupoch preverených v praxi. Príklady nudných slajdov a ich vhodnejších variant. | ||
| 610 | 2 | 0 | |a prezentácia |
| 610 | 2 | 0 | |a komunikácia |
| 610 | 2 | 0 | |a informácie |
| 100 | 1 | |a Hrkal, Marek | |